| 000 | 00568nam a2200169 a 4500 | ||
|---|---|---|---|
| 008 | 071001s1998 ||||||||||||||||| || u | ||
| 020 | _a0813399696 | ||
| 050 | _aJC 571 Don | ||
| 100 | _aDonnelly, Jack | ||
| 245 | 1 | 0 |
_aInternational human rights _cJack Donnelly |
| 250 | _a2nd | ||
| 260 |
_aColorado _bWestview Press _c1998 |
||
| 300 | _axvi, 216p. | ||
| 350 | _a0.00 | ||
| 650 | 0 | _aHUMAN RIGHTS | |
| 995 |
_D0.00 _FCBU-MAIN LIBRARY (Kitwe) _H1 _I0.00 _M1 _UAVAILABLE _WOct 1, 2007 _ZMain Library Open Access Collection |
||
| 999 |
_c47399 _d47399 |
||